Datum a čas kvízu
28.5
Celkem bodů
Celkový počet nahraných bodů na tomto kvízu bez doplňovacích otázek.
3.
Pořadí na kvízu
Konečné umístění týmu na tomto kvízu.
Zaznamenané odpovědi
| # | Otázka | Odpověď | Body | Výsledky |
|---|---|---|---|---|
| 1. | Když Miloš Zeman volil, pokusi... | 0.5 | ||
| 2. | Chuť na víno dodala odvahy jis... | 1 | ||
| 3. | Tento britský herec, který v z... | 0 | ||
| 4. | Donald Trump slíbil Norsku stí... | 0 | ||
| 5. | Německý fotbalový útočník Luka... | 0 | ||
| 6. | Pro mimobrněnské soutěžící upř... | 1 | ||
| 7. | Bývalé pražské nakladatelství... | 0 | ||
| 8. | Na název českého spolku zaměře... | 1 | ||
| 9. | Plod listnatého stromu z čeled... | 1 | ||
| 10. | Ze šalinkarty vyberete i to, c... | 1 |